[Event "Mauricie-ch"]
[Site "Trois Rivieres"]
[Date "1984.08.30"]
[Round "1.4"]
[White "Matteau, Pierre"]
[Black "Tej, Yahia"]
[Result "1-0"]
[WhiteElo "1396"]
[BlackElo "1893"]
[PlyCount "29"]
[EventDate "1984.08.??"]
[EventType "k.o."]
[EventRounds "3"]
[EventCountry "CAN"]
[SourceTitle "EXT 2022"]
[Source "ChessBase"]
[SourceDate "2021.10.06"]
[SourceVersion "1"]
[SourceVersionDate "2021.10.06"]
[SourceQuality "1"]

1. e4 c5 2. Nf3 d6 3. c3 Nf6 4. Be2 Nxe4 5. Qa4+ Nc6 6. Qxe4 g6 7. d4 cxd4 8. Nxd4 Nb8 9. Bg5 a6 10. Bc4 Qa5 11. Bf6 Rg8 12. 0-0 Nd7 13. Bxf7+ Kxf7 14. Qe6+ Ke8 15. Bxe7 1-0

[Event "Mauricie-ch"]
[Site "Trois Rivieres"]
[Date "1984.08.23"]
[Round "1.3"]
[White "Tej, Yahia"]
[Black "Matteau, Pierre"]
[Result "1/2-1/2"]
[WhiteElo "1893"]
[BlackElo "1396"]
[PlyCount "82"]
[EventDate "1984.08.??"]
[EventType "k.o."]
[EventRounds "3"]
[EventCountry "CAN"]
[SourceTitle "EXT 2022"]
[Source "ChessBase"]
[SourceDate "2021.10.06"]
[SourceVersion "1"]
[SourceVersionDate "2021.10.06"]
[SourceQuality "1"]

1. e4 c5 2. Nf3 Nc6 3. c4 g6 4. Nc3 Bg7 5. h3 e6 6. d3 a6 7. Be2 Qc7 8. 0-0 Rb8 9. a4 Nge7 10. Re1 b6 11. Bf1 Bb7 12. Bg5 f5 13. exf5 Nxf5 14. Nd5 Qd6 15. Bf4 e5 16. Nxe5 Nxe5 17. Bxe5 Bxe5 18. f4 Bxd5 19. cxd5 0-0 20. Rxe5 Qf6 21. g3 Nxg3 22. Qf3 Qxf4 23. Qxf4 Rxf4 24. Bg2 Rb4 25. Ra2 Rb3 26. Re3 Nf5 27. Rf3 Re8 28. Kf2 Re5 29. d6 Rd5 30. Rxf5 Rxf5+ 31. Ke3 Rf6 32. Bd5+ Kg7 33. Bxb3 Rxd6 34. Ra1 Rd4 35. Bc4 a5 36. b3 d5 37. Bb5 Rb4 38. Rb1 Rh4 39. Rh1 Rb4 40. Rb1 Rh4 41. Rh1 Rb4 1/2-1/2

[Event "Mauricie ch"]
[Site "Shawinigan"]
[Date "1976.04.04"]
[Round "4"]
[White "Desmarais, Richard"]
[Black "Tej, Yahia"]
[Result "1-0"]
[WhiteElo "1662"]
[BlackElo "1465"]
[PlyCount "79"]
[EventDate "1976.04.03"]
[EventType "swiss"]
[EventRounds "5"]
[EventCountry "CAN"]
[SourceTitle "EXT 2022"]
[Source "ChessBase"]
[SourceDate "2021.10.06"]
[SourceVersion "1"]
[SourceVersionDate "2021.10.06"]
[SourceQuality "1"]

1. e4 c5 2. Nf3 Nc6 3. d4 cxd4 4. Nxd4 d6 5. c4 a6 6. Nc3 e6 7. Be2 Qc7 8. 0-0 Nf6 9. Be3 Be7 10. f4 0-0 11. Qe1 Re8 12. Qg3 b6 13. Nxc6 Qxc6 14. e5 Ne4 15. Nxe4 Qxe4 16. Qf2 Rb8 17. Bxb6 d5 18. c5 Qb4 19. Kh1 d4 20. a3 Qxb2 21. Rfb1 Qd2 22. Rd1 Qb2 23. Rab1 Qc2 24. Rdc1 Qd2 25. Ba5 Qxa5 26. Rxb8 Qxa3 27. Qf1 Rd8 28. Ra1 Qe3 29. Bxa6 d3 30. Rxc8 Rxc8 31. Bxc8 d2 32. Bb7 Qxc5 33. Qe2 Qc1+ 34. Qd1 Qb2 35. Ra8+ Bf8 36. Bf3 Qd4 37. Qc2 h5 38. Bd1 Qxf4 39. Rxf8+ Kxf8 40. Qc8+ 1-0